000 00536nam a2200169 i 4500
001 41428
003 ES-MaACL
005 20230906160428.0
007 t|
008 030310s1963 sp ||||1| spa d
100 1 _aCastelnuovo, Emma.
_936610
245 1 0 _aGeometría intuitiva... /
_cEmma Castelnuovo ; traducción por Rafael Romero Mercadal.
260 _aBarcelona, etc. :
_bLabor,
_c1963.
300 _aXII, 296 p., 20 lám. :
_bil. ;
_c22 cm.
700 1 _aRomero Mercadal, Rafael.
_999415
852 _aES-MaACL
_jC-23646
_bR.52273
999 _c41428
_d41428